UM Logo

Firearms and forensic ballistics identification / (Record no. 24118)

MARC details
000 -LEADER
fixed length control field 00661nam a22001937a 4500
005 - DATE AND TIME OF LATEST TRANSACTION
control field 20251106154254.0
008 - FIXED-LENGTH DATA ELEMENTS--GENERAL INFORMATION
fixed length control field 251103b |||||||| |||| 00| 0 eng d
020 ## - INTERNATIONAL STANDARD BOOK NUMBER
International Standard Book Number 9781835352595
082 ## - DEWEY DECIMAL CLASSIFICATION NUMBER
Classification number DC 623.4 M336 2025
100 ## - MAIN ENTRY--PERSONAL NAME
Personal name Margot, Pierre.
9 (RLIN) 69094
245 ## - TITLE STATEMENT
Title Firearms and forensic ballistics identification /
Statement of responsibility, etc. Pierre Margot.
260 ## - PUBLICATION, DISTRIBUTION, ETC. (IMPRINT)
Place of publication, distribution, etc. London :
Name of publisher, distributor, etc. ED-Tech Press,
Date of publication, distribution, etc. ©2025.
300 ## - PHYSICAL DESCRIPTION
Extent xv, 271 pages :
Other physical details illustrations (some colors) ;
Dimensions 25 cm.
500 ## - GENERAL NOTE
General note Includes bibliography and index.
650 #0 - SUBJECT ADDED ENTRY--TOPICAL TERM
Topical term or geographic name as entry element Firearms
General subdivision Identification.
9 (RLIN) 69271
650 #0 - SUBJECT ADDED ENTRY--TOPICAL TERM
Topical term or geographic name as entry element Forensic ballistics.
9 (RLIN) 69272
650 #0 - SUBJECT ADDED ENTRY--TOPICAL TERM
Topical term or geographic name as entry element Guns
General subdivision Identification.
9 (RLIN) 69273
942 ## - ADDED ENTRY ELEMENTS (KOHA)
Source of classification or shelving scheme Dewey Decimal Classification
Koha item type Circulation
Holdings
Withdrawn status Lost status Source of classification or shelving scheme Damaged status Not for loan Collection code Home library Current library Date acquired Source of acquisition Cost, normal purchase price Total Checkouts Full call number Barcode Date last seen Price effective from Koha item type
    Dewey Decimal Classification     Circulation UM Digos College - LIC UM Digos College - LIC 08/11/2025 Purchased 4998.00   DC 623.4 M336 2025 29181 11/03/2025 11/03/2025 Circulation